| 000 | 01079nam a22003257a 4500 | ||
|---|---|---|---|
| 001 | BR0205458 | ||
| 003 | BR-BrBNA | ||
| 005 | 20230928101208.0 | ||
| 007 | ta | ||
| 008 | 230509b bl.||||| |||| 00| 0 por d | ||
| 040 |
_aBR-BrBNA _bpor _cBiblioteca Nacional de Agricultura |
||
| 041 | _a(Por) | ||
| 072 |
_aH50; U40 _b3240 |
||
| 090 | _ 3240 BR0205458 | ||
| 100 | 1 | _aPompermayer Neto, P. | |
| 110 | 1 |
_aEscola Superior de Agricultura Luiz de Queiroz, Piracicaba, SP (Brasil) _0Tese (Mestre em Ciências) |
|
| 245 | 1 | _aUtilização da videografia aérea na detecção de áreas com deficiências nutricionais em plantios de eucalipto | |
| 260 | 3 |
_aPiracicaba, SP (Brasil): _c2002. |
|
| 300 | _a75 p. | ||
| 500 | _aSummaries (Eng, Por); Bibliography p. 66-75; 13 tables; 19 illus. | ||
| 650 | _aEUCALIPTO | ||
| 650 | _aDEFICIÊNCIA NUTRICIONAL | ||
| 650 | _aSENSORIAMENTO REMOTO | ||
| 650 | _aLEVANTAMENTO POPULACIONAL | ||
| 650 | _aCUSTO | ||
| 650 | _aESPECTROMETRIA | ||
| 650 | _aMÉTODO ESTATÍSTICO | ||
| 909 |
_a202309 _bLucia _c55 _dLucia Elande |
||
| 942 | _cBK | ||
| 999 |
_c64664 _d64664 |
||